Top 10 countries with the most wild cheetahs - Statistics

General Stats
  • This quiz has been taken 26 times
    11 since last reset
  • The average score is 8 of 11
Answer Stats
Number Answer % Correct
300 Democratic Republic of the Congo
91%
716 Kenya
91%
849 South Africa
91%
849 Botswana
82%
849 Mozambique
82%
849 Namibia
82%
938 Tanzania
82%
123 Ethiopia
73%
200 Somalia
73%
343 South Sudan
36%
Total 7,000
18%
No matching quizzes found
Score Distribution
Percent of People with Each Score
Percentile by Number Answered
Your Score History
You have not taken this quiz since the last reset